Music Quiz

Random Music or Song Quiz

UK number one singles 2000-2004 Quiz Stats

 Plays Quiz not verified by Sporcle

Challenge
Share
Tweet
Embed
Score 0/153 Timer 15:00
2 Plays Today
Song Title Artist % Correct
'Born to Make You Happy'Britney Spears
97.4%
'Oops!... Did It Again'Britney Spears
97.4%
'Toxic'Britney Spears
97.1%
'Everytime'Britney Spears
97.1%
'The Real Slim Shady'Eminem
94.5%
'Stan'Eminem feat. Dido
94.5%
'Without Me'Eminem
94.5%
'Lose Yourself'Eminem
94.2%
'Just Lose It'Eminem
94.2%
'I Have a Dream' / 'Seasons in the Sun'Westlife
92.9%
'Fool Again'Westlife
92.9%
'My Love'Westlife
92.9%
'Uptown Girl'Westlife
92.9%
'Queen of My Heart'Westlife
92.9%
'World of Our Own'Westlife
92.9%
'Unbreakable'Westlife
92.9%
'Mandy'Westlife
92.6%
'Rock DJ'Robbie Williams
92.4%
'Eternity' / 'The Road to Mandalay'Robbie Williams
92.4%
'Spinning Around'Kylie Minogue
91.1%
'Can't Get You out of My Head'Kylie Minogue
91.1%
'Slow'Kylie Minogue
90.8%
'Independent Women Part I'Destiny's Child
90.3%
'Survivor'Destiny's Child
90.3%
'Crazy in Love'Beyoncé feat. Jay-Z
89.7%
'Sound of the Underground'Girls Aloud
89.5%
'I'll Stand by You'Girls Aloud
89.5%
'American Pie'Madonna
88.4%
'Music'Madonna
88.4%
'Dirrty'Christina Aguilera
88.4%
'Beautiful'Christina Aguilera
88.2%
'Whole Again'Atomic Kitten
87.6%
'Eternal Flame'Atomic Kitten
87.6%
'The Tide Is High (Get the Feeling)'Atomic Kitten
87.6%
'Never Had a Dream Come True'S Club 7
87.4%
'Don't Stop Movin''S Club 7
87.4%
'Have You Ever'S Club 7
87.4%
'Beautiful Day'U2
86.3%
'Vertigo'U2
86.1%
'Unchained Melody'Gareth Gates
85.8%
'Anyone of Us (Stupid Mistake)'Gareth Gates
85.8%
'Just Like a Pill'Pink
85.8%
'Spirits in the Sky'Gareth Gates and The Kumars
85.5%
'Bag It Up'Geri Halliwell
85%
'It's Raining Men'Geri Halliwell
85%
'Life Is a Rollercoaster'Ronan Keating
84.5%
'Evergreen' / 'Anything Is Possible'Will Young
84.5%
'Freak Like Me'Sugababes
84.5%
'If Tomorrow Never Comes'Ronan Keating
84.5%
'Light My Fire'Will Young
84.5%
'Round Round'Sugababes
84.5%
Song Title Artist % Correct
'Hole in the Head'Sugababes
84.2%
'Leave Right Now'Will Young
84.2%
'Where Is the Love?'Black Eyed Peas
83.2%
'Can We Fix It?'Bob the Builder
82.4%
'Mambo No. 5'Bob the Builder
82.4%
'You Said No'Busted
82.1%
'Crashed the Wedding'Busted
82.1%
'Who's David?'Busted
82.1%
'Thunderbirds' / '3AM'Busted
82.1%
'It Wasn't Me'Shaggy
81.3%
'Angel'Shaggy
81.3%
'Gotta Get Thru This'Daniel Bedingfield
79.5%
'If You're Not the One'Daniel Bedingfield
79.5%
'Never Gonna Leave Your Side'Daniel Bedingfield
79.2%
'Pure Shores'All Saints
78.7%
'Black Coffee'All Saints
78.7%
'All the Things She Said't.A.T.u.
78.4%
'Five Colours In Her Hair'McFly
78.2%
'Obviously'McFly
78.2%
'Fill Me In'Craig David
75.5%
'7 Days'Craig David
75.5%
'Too Close'Blue
75%
'If You Come Back'Blue
75%
'We Will Rock You'Five + Queen
74.7%
'Let's Dance'Five
74.7%
'Sorry Seems to Be the Hardest Word'Blue feat. Elton John
74.7%
'Pure and Simple'Hear'Say
74.2%
'The Way to Your Love'Hear'Say
74.2%
'Dilemma'Nelly and Kelly Rowland
73.9%
'My Place' / 'Flap Your Wings'Nelly
73.7%
'Ignition (Remix)'R. Kelly
73.4%
'Mysterious Girl'Peter Andre
71.3%
'Because I Got High'Afroman
70.3%
'Are You Ready for Love?'Elton John
70%
'Go Let it Out'Oasis
69.5%
'The Hindu Times'Oasis
69.5%
'These Words'Natasha Bedingfield
67.4%
'Bring Me to Life'Evanescence
66.3%
'Yeah!'Usher feat. Lil' Jon and Ludacris
63.9%
'Burn'Usher
63.9%
'Kiss Kiss'Holly Valance
63.7%
'Do They Know It's Christmas?'Band Aid 20
63.2%
'Can't Fight the Moonlight'LeAnn Rimes
62.6%
'21 Seconds'So Solid Crew
62.4%
'Groovejet (If This Ain't Love)'Spiller feat. Sophie Ellis-Bextor
62.1%
'Hero'Enrique Iglesias
61.8%
'Never Be the Same Again'Melanie C feat. Lisa 'Left Eye' Lopes
61.6%
'Love Don't Cost a Thing'Jennifer Lopez
61.6%
'I Turn to You'Melanie C
61.3%
'Holler' / 'Let Love Lead the Way'Spice Girls
61.3%
'Colourblind'Darius
60.8%
Song Title Artist % Correct
'The Ketchup Song (Asereje)'Las Ketchup
59.5%
'Dry Your Eyes'The Streets
59.2%
'Take on Me'A1
58.7%
'Same Old Brand New You'A1
58.7%
'Rollin''Limp Bizkit
58.2%
'F*ck It (I Don't Want You Back)'Eamon
57.4%
'Rise'Gabrielle
56.6%
'Stomp'Steps
56.3%
'Somethin' Stupid'Robbie Williams and Nicole Kidman
56.3%
'Just a Little'Liberty X
55.5%
'Call on Me'Eric Prydz
54.5%
'What Took You so Long?'Emma Bunton
52.4%
'Hey Baby'DJ Ötzi
51.6%
'Breathless'The Corrs
51.3%
'Crossroads'Blazin' Squad
47.6%
'The Masses Against the Classes'Manic Street Preachers
47.4%
'Don't Call Me Baby'Madison Avenue
46.8%
'My Sweet Lord'George Harrison
46.3%
'Heaven'DJ Sammy and Yanou feat. Do
45%
'Toca's Miracle'Fragma
42.6%
'Day & Night'Billie Piper
42.1%
'Against All Odds'Mariah Carey feat. Westlife
42.1%
'Changes'Kelly Osbourne and Ozzy Osbourne
41.6%
'F.U.R.B. (F*ck You Right Back)'Frankee
40.5%
'Lady (Hear Me Tonight)'Modjo
40.3%
'With a Little Help from My Friends'Sam and Mark
38.7%
'Don't Give Up'Chicane with Bryan Adams
37.9%
'Lola's Theme'Shapeshifters
37.9%
'It Feels so Good'Sonique
36.6%
'The Long and Winding Road'Will Young and Gareth Gates
36.6%
'All This Time'Michelle McManus
36.3%
'Mad World'Michael Andrews and Gary Jules
36.1%
'Stop Living the Lie'David Sneddon
35.8%
'Cha Cha Slide'DJ Casper
35.5%
'More Than a Woman'Aaliyah
34.7%
'Baby Cakes'3 of a Kind
34.2%
'Do You Really Like It?'DJ Pied Piper
33.2%
'Breathe'Blu Cantrell feat. Sean Paul
32.9%
'Make Luv'Room 5 feat. Oliver Cheatham
32.6%
'Bound 4 Da Reload (Casualty)'Oxide & Neutrino
32.4%
'Another Chance'Roger Sanchez
31.3%
'Real to Me'Brian McFadden
26.1%
'A Little Less Conversation'Elvis vs JXL
25.8%
'Be Faithul'Fatman Scoop
25.3%
'You See the Trouble with Me'Black Legend
22.9%
'Take Me to the Clouds Above'LMC vs U2
22.9%
'I Don't Wanna Know'Mario Winans feat. P. Diddy and Enya
22.4%
'Loneliness'Tomcraft
21.3%
'Touch Me'Rui da Silva
18.9%
'Lady Marmalade'Christina Aguilera, Lil' Kim, Mya and Pink
18.4%
'Wonderful'Ja Rule feat. R. Kelly and Ashanti
14.7%

You're not logged in!

Compare scores with friends on all Sporcle quizzes.
Join for Free
OR
Log In

You Might Also Like...

Show Comments

Extras

Top Quizzes Today


Score Distribution

Your Account Isn't Verified!

In order to create a playlist on Sporcle, you need to verify the email address you used during registration. Go to your Sporcle Settings to finish the process.

Report this User

Report this user for behavior that violates our Community Guidelines.

Details: